| 000 | 00602nam a22002057a 4500 | ||
|---|---|---|---|
| 005 | 20251108171015.0 | ||
| 008 | 250721s1987 xx 000 0 ara d | ||
| 082 | 1 | 4 | _aم/216,3/سلا |
| 100 | 1 | _aإبن سلام، أبو عبيد القاسم | |
| 245 | 1 | 0 | _aكتاب الأموال / |
| 250 | _aط 2. | ||
| 264 | 1 |
_aالدوحة : _bإدارة إحياء التراث الإسلامي، _c1987. |
|
| 300 | _a649ص | ||
| 650 | 1 | 7 | _aالإسلام |
| 650 | 1 | 7 | _aفقه |
| 650 | 1 | 7 | _aمعاملات |
| 700 | 1 |
_aهراس، محمد خليل _eتحقيق |
|
| 942 |
_2ddc _cREF |
||
| 999 |
_c54216 _d54216 |
||